Click African Islands on the Map - Statistics

General Stats
  • This quiz has been taken 82 times
  • The average score is 9 of 15
Answers on the Map
Answers color-coded by a green-red scale on the quiz's map according to % correct below.
 
Answer Stats
Answer % Correct
Madagascar
96%
Mauritius
86%
São Tomé
69%
Ascension Island
65%
Reunion
65%
Dahlak Kebir
63%
Saint Helena
63%
Zanzibar (Unguja)
63%
Príncipe
61%
Tristan da Cunha
59%
Sherbro Island
57%
Mayotte
55%
Bioko
51%
Orango Island
37%
Pemba Island
37%
No matching quizzes found
Score Distribution
Percent of People with Each Score
Percentile by Number Answered
Your Score History
You have not taken this quiz